000 00619nam a2200193 a 4500
001 BRCA_6439
005 20190320205444.0
008 220911s1913----mx-#######---#000-0#ger-#
041 _ager
050 4 _bJ34 1913
245 1 0 _aIV Jahresbericht des Deutschen Ruder Vereins Mexico
_b(10. September 1912 bis 10. September 1913).
260 _aMéxico
_bDeutschen Ruder Vereins Mexico
_c1913
300 _a19 p.
_c22 cm.
500 _aPáginas 12 y 14, marcadas por Franz Mayer.
500 _aCDE51
610 2 4 _aFederación Alemana de Remo del Club de México
_xInforme Anual
_916087
902 _aGFM
942 _2lcc
_cB
999 _c6123
_d6123